| 000 | 01531nam0a2200313 4500 | ||
|---|---|---|---|
| 001 | RU\NLR\bibl\1293068 | ||
| 005 | 20260405091733.0 | ||
| 010 | _a978-5-98187-206-8 | ||
| 021 |
_aRU _b2008-72016 _94124 |
||
| 035 | _a(NLR Aleph) 001278726 | ||
| 090 |
_a485283 _c485283 |
||
| 100 | _a20080926d2007 |||y0rusy50 ca | ||
| 101 | 0 | _arus | |
| 102 | _aRU | ||
| 105 | _ay ||||||||| | ||
| 200 | 1 |
_aХудожественная культура и власть в постсталинской России: союз и борьба (1953-1985 гг.) _fК.Б. Соколов _gМ-во культуры и массовых коммуникаций Рос. Федерации, Федер. агентство по культуре и кинематографии, Гос. ин-т искусствознания |
|
| 210 |
_aСанкт-Петербург _cНестор-История _d2007 |
||
| 215 |
_a476, [1] с. _d24 |
||
| 320 | _aБиблиогр. в примеч. в конце частей | ||
| 606 | 1 |
_aИскусство _xИстория _yСССР _z1953 - 1985 _92550166 _3RU\NLR\auth\661509089 |
|
| 607 |
_aСССР _xКультурная политика _z1953 - 1991 _92266694 _3RU\NLR\auth\661358756 |
||
| 686 | _aТ3(2)7-7 | ||
| 686 | _aЩ03(2Р=Рус)7 | ||
| 700 | 1 |
_4070 _8rus _7ca _aСоколов _bК. Б. _cд-р филос. наук _gКонстантин Борисович _3RU\NLR\auth\7733038 _916046 |
|
| 801 | 0 |
_aRU _bNLR _c20080926 _gRCR |
|
| 801 | 1 |
_aRU _bNLR _c20080926 |
|
| 942 | _cBOOK | ||
| 980 | _aNB | ||